000 00447nam a2200169Ia 4500
003 GCL
008 140319s9999 xx 000 0 ara d
040 _aGCL /
_cGCL
082 0 4 _a813.01
_bى ذ
100 1 _aيوسف ضمره
245 1 0 _aذلك المساء /
_cيوسف ضمره
300 _a85 ص
490 _a100 قصة
_v0
650 0 4 _aالادب العربى
650 0 4 _aالقصص العربية القصيرة
942 _2ddc
_cBK
999 _c46538
_d46538